| 000 | 01048nam a2200325 a 4500 | ||
|---|---|---|---|
| 001 | 585 | ||
| 003 | BD-RjUL | ||
| 005 | 20211208233213.0 | ||
| 008 | 141022s1974 ii b 001 0 eng | ||
| 020 | _a0706903021 | ||
| 035 | _a(BD-RjUL)603 | ||
| 040 |
_aDLC _cDLC _dDLC _dBD-RjUL _beng |
||
| 041 | _aeng | ||
| 082 | 0 | 0 |
_a025.5 _216 _bKUC 1974 |
| 100 | 1 |
_aKumar, Suseela, _d1924- _91791 |
|
| 245 | 1 | 4 |
_aThe changing concepts of reference service / _cSuseela Kumar. |
| 250 | _a1st ed. | ||
| 260 |
_aDelhi : _bVikas Pub. House, _cc1974. |
||
| 300 |
_a327 p. ; _c19 cm. |
||
| 490 | 1 | _aSarada Ranganathan Endowment for Library Science series ; 7 | |
| 504 | _aBibliographical Reference and Index. | ||
| 650 | 0 |
_aReference services (Libraries) _91795 |
|
| 650 | 0 |
_aReference services (Libraries) _zIndia. _91797 |
|
| 830 | 0 |
_v7. _9116034 |
|
| 830 | 0 |
_aSarada Ranganathan Endowment for Library Science series ; _9116035 |
|
| 942 |
_2ddc _cBK |
||
| 999 |
_c585 _d585 |
||